000 002640000a22000970004500
100 1 _aBrenner, Athalya
245 1 0 _aA note on bat-rabbîm (Song of Songs 7:5)
300 _aVol. 42, Num. 1 (Enero, 1992), Páginas 113-115
773 0 _tVetus Testamentum
942 _cANA
999 _c57717
_d57717